On This Day (October 24th) Multiple Choice - Statistics

General Stats
  • This quiz has been taken 15 times
  • The average score is 1 of 15
Answer Stats
Question Answer % Correct
1857 – The world's oldest association football club still in operation, is founded in England. What is it called ? Sheffield FC
100%
1986 – Nezar Hindawi is sentenced to how many years in prison, the longest sentence handed down by a British court, for the attempted bombing of an El Al flight ? 45 years
0%
1889 – Henry Parkes delivers the Tenterfield Oration, effectively starting the federation process in which country ? Australia
0%
1260 – Which French cathedral is dedicated in the presence of King Louis IX of France ? Chartres
0%
1947 – Walt Disney testifies before the House Un-American Activities Committee, naming Disney employees he believes to be what ? Communists
0%
1926 – Harry Houdini's last performance takes place at the Garrick Theatre in which city ? Detroit
0%
1975 – In Iceland, 90% of women take part in a national strike, refusing to work in protest of what ? Gender inequality
0%
1931 – Which bridge opens to public traffic over the Hudson River ? George Washington Bridge
0%
1901 – Annie Edson Taylor becomes the first person to do what ? Go over Niagara Falls in a barrel and survive
0%
2004 – Arsenal FC loses ending an unbeaten run of 49 matches, which is the current record in the Premier League. Which team beat them ? Manchester United
0%
2003 – Concorde makes its last commercial flight. On which route ? New York to London
0%
2015 – A driver crashes into the State Homecoming parade, killing four people and injuring 34 in which US state ? Oklahoma
0%
1992 – Which team become the first Major League Baseball team based outside the United States to win the World Series ? Toronto Blue Jays
0%
1851 – William Lassell discovers the moons Umbriel and Ariel orbiting which planet ? Uranus
0%
1964 – Northern Rhodesia gains independence from the United Kingdom and becomes which country ? Zambia
0%
No matching quizzes found
Score Distribution
Percent of People with Each Score
Percentile by Number Answered
Your Score History
You have not taken this quiz